00436 a2200109 4500001001000000005001700010008004100027245015900068100002600227773005600253999001700309ART_4157420260410161754.0260409a 10aLa deducibilidad del impuesto sobre los bienes personales por parte del responsable sustituto como consecuencia de la causa "Rectificaciones Rivadavia SA"1 aGarcía, Fernando D.0 tDoctrina tributariag- Nº 381 (dic. 2011)wREV4296 c19964d19964